| 000 | 00957nam0a2200277 4500 | ||
|---|---|---|---|
| 001 | RU\NLR\BIBL_A\010666596 | ||
| 005 | 20250810070727.0 | ||
| 035 | _a(NLR Aleph) 010666596 | ||
| 090 |
_a9587805 _c9587805 |
||
| 100 | _a20150205d1945 u y0rusy50 ca | ||
| 101 | 0 | _asah | |
| 102 | _aRU | ||
| 105 | _ac z 000yy | ||
| 200 | 1 |
_aҮгэлэр уонна хоһооннор _fКүн Дьирибинэ |
|
| 210 |
_aЯкутскай _cСАССР Госиздата _d1945 |
||
| 215 |
_a36,[2] с. _cпортр. _d21 |
||
| 541 | 1 |
_aБасни и стихи _zrus |
|
| 686 | 1 | _aШ6(2=Я)7-5 | |
| 700 | 1 |
_4070 _aСаввин _bС. А. _f1903-1970 _gСтепан Афанасьевич _9168716 _3RU\NLR\AUTH\770168766 |
|
| 852 |
_aNLR _bОНЛ _jЯкут./3-397 |
||
| 852 |
_aNLR _bОНЛ _jЯкут./3-397 |
||
| 942 | _cBOOK | ||
| 945 | _aРоссийская национальная библиотека | ||
| 980 | _aNB | ||
| 980 | _aBV | ||